New Zealand Rugby All Blacks - Test Debut at a World Cup - Statistics

General Stats
  • This quiz has been taken 56 times
  • The average score is 6 of 15
Answer Stats
Year Player % Correct
1987 Zinzan Brooke
86%
2003 Ben Atiga
69%
1995 Simon Culhane
57%
2003 Corey Flynn
47%
1991 Jason Hewett
41%
1987 Richard Loe
41%
1995 Norm Hewitt
39%
1995 Eric Rush
37%
1987 John Gallagher
35%
1987 Bernie McCahill
33%
1991 Jon Preston
33%
1991 Graham Purvis
31%
1991 Va'aiga Tuigamala
31%
1999 Rhys Duggan
29%
1991 Shayne Philpott
24%
No matching quizzes found
Score Distribution
Percent of People with Each Score
Percentile by Number Answered
Your Score History
You have not taken this quiz